OECD Economic Surveys: Colombia 2017 May 2017
Gespeichert in:
| Format: | Buch |
|---|---|
| Sprache: | Englisch |
| Veröffentlicht: |
Paris
OECD
2017
|
| Schriftenreihe: | OECD Economic Surveys
|
| Schlagworte: | |
| Tags: |
Keine Tags, Fügen Sie das erste Tag hinzu!
|
MARC
| LEADER | 00000nam a2200000 4500 | ||
|---|---|---|---|
| 001 | 0241385 | ||
| 005 | 20240314123252.7 | ||
| 020 | |a 978-92-64-27562-1 | ||
| 041 | 0 | |a eng | |
| 044 | |a FR | ||
| 245 | 1 | 0 | |a OECD Economic Surveys: Colombia 2017 |b May 2017 |
| 264 | 1 | |a Paris |b OECD |c 2017 | |
| 300 | |a 127 s. | ||
| 490 | 1 | |a OECD Economic Surveys | |
| 830 | 0 | |a OECD Economic Surveys | |
| 610 | 2 | 0 | |a situácia hospodárska |
| 610 | 2 | 0 | |a makroekonomika |
| 610 | 2 | 0 | |a reformy štruktúrne |
| 610 | 2 | 0 | |a produktivita práce |
| 610 | 2 | 0 | |a investície verejné |
| 610 | 2 | 0 | |a podnikanie |
| 610 | 2 | 0 | |a rast hospodársky |
| 610 | 2 | 0 | |a trh práce |
| 610 | 2 | 0 | |a nerovnosť |
| 610 | 2 | 0 | |a ukazovatele ekonomické |
| 610 | 2 | 0 | |a porovnanie štatistické medzinárodné |
| 610 | 2 | 0 | |a Kolumbia |